000 00593nam a2200205 i 4500
001 66845
003 ES-MaACL
005 20230906165848.0
007 t|
008 990701s1999 sp ||||0| spa d
020 _a84-8041-113-9
080 _a821.134.2(729.5)-34"19"
100 1 _aPiñeiro, José Ramón.
_992260
245 1 0 _aCuentos puertorriqueños del mar y la montaña /
_cJosé Ramón Piñeiro.
250 _a[3ª ed.].
260 _aMadrid :
_bRubiños-1860,
_c[1999]
300 _a215 p. ;
_c22 cm.
650 4 _aCuentos puertorriqueños.
_911504
852 _aES-MaACL
_jL-27352
999 _c66845
_d66845